An introduction to the functional anatomy of the limbs of the domestic animals. (Record no. 2892)
[ view plain ]
| 000 -LEADER | |
|---|---|
| fixed length control field | 00749cam8a220021700 4500 |
| 001 - CONTROL NUMBER | |
| control field | tmp15935420 |
| 003 - CONTROL NUMBER IDENTIFIER | |
| control field | UPRA |
| 005 - DATE AND TIME OF LATEST TRANSACTION | |
| control field | 20190809120343.0 |
| 008 - FIXED-LENGTH DATA ELEMENTS--GENERAL INFORMATION | |
| fixed length control field | 951114n xx eng u |
| 035 ## - SYSTEM CONTROL NUMBER | |
| System control number | (Sirsi) r50115 |
| 035 ## - SYSTEM CONTROL NUMBER | |
| System control number | (UPRA)tmp15935420 |
| 040 ## - CATALOGING SOURCE | |
| Transcribing agency | UPRA |
| 100 1# - MAIN ENTRY--PERSONAL NAME | |
| Personal name | Skerritt, G. C. |
| Linkage | A8164.1 |
| 245 13 - TITLE STATEMENT | |
| Title | An introduction to the functional anatomy of the limbs of the domestic animals. |
| 949 ## - LOCAL PROCESSING INFORMATION (OCLC) | |
| a | SF761 |
| w | LC |
| i | -63016 |
| m | VETMED |
| t | BOOK |
| l | ON-SHELF |
| 949 ## - LOCAL PROCESSING INFORMATION (OCLC) | |
| a | SF761 |
| w | LC |
| i | -63017 |
| m | VETMED |
| t | BOOK |
| l | ON-SHELF |
| 949 ## - LOCAL PROCESSING INFORMATION (OCLC) | |
| a | SF761 |
| w | LC |
| i | -63018 |
| m | VETMED |
| t | BOOK |
| l | ON-SHELF |
| 949 ## - LOCAL PROCESSING INFORMATION (OCLC) | |
| a | SF761 |
| w | LC |
| i | -63019 |
| m | VETMED |
| t | BOOK |
| l | ON-SHELF |
| 987 ## - LOCAL ROMANIZATION/CONVERSION HISTORY (OCLC) | |
| Romanization/conversion identifier | Additional copies : unreadable? |
| Agency that converted, created or reviewed | additional accession numbers are blurred on card. |
| Withdrawn status | Lost status | Source of classification or shelving scheme | Damaged status | Not for loan | Home library | Current library | Shelving location | Total Checkouts | Full call number | Barcode | Date last seen | Copy number | Price effective from | Koha item type |
|---|---|---|---|---|---|---|---|---|---|---|---|---|---|---|
| Library of Congress Classification | Vet Medicine Library | Vet Medicine Library | On Shelf | SF761 | -63016 | 08/09/2019 | 1 | 08/09/2019 | Book | |||||
| Library of Congress Classification | Vet Medicine Library | Vet Medicine Library | On Shelf | SF761 | -63017 | 08/09/2019 | 2 | 08/09/2019 | Book | |||||
| Library of Congress Classification | Vet Medicine Library | Vet Medicine Library | On Shelf | SF761 | -63018 | 08/09/2019 | 3 | 08/09/2019 | Book | |||||
| Library of Congress Classification | Vet Medicine Library | Vet Medicine Library | On Shelf | SF761 | -63019 | 08/09/2019 | 4 | 08/09/2019 | Book |